[Event "Intel Chess Grand Pr"]
[Site "Intel Chess Grand Pr"]
[Date "1995.??.??"]
[Round "?"]
[White "Ivanchuk, Vassily"]
[Black "Kramnik, Vladimir"]
[Result "1-0"]
[WhiteElo "2700"]
[BlackElo "2715"]
[PlyCount "85"]
[EventDate "1995.??.??"]
[Source "www.chesslib.no"]
[SourceDate "2004.05.04"]

1. e4 c5 2. Nf3 Nc6 3. d4 cxd4 4. Nxd4 Nf6 5. Nc3 d6 6. Bc4 Qb6 7. Ndb5 a6 8. Be3 Qa5 9. Nd4 Ne5 10. Nb3 Qc7 11. Be2 e6 12. f4 Nc4 13. Bxc4 Qxc4 14. Qf3 Bd7 15. O-O-O Rc8 16. Bd4 b5 17. a3 Be7 18. Bxf6 gxf6 19. f5 h5 20. Qg3 b4 21. axb4 Qxb4 22. Rd4 Qb6 23. Rhd1 h4 24. Qg7 Rf8 25. Kb1 a5 26. fxe6 fxe6 27. R1d3 Qc7 28. Nd2 Qc5 29. Nc4 Rc6 30. b3 Qg5 31. Qxg5 fxg5 32. Nb5 Rf1+ 33. Rd1 Rf5 34. Rf1 Bf6 35. Rh1 Kd8 36. Rg1 Ke7 37. Nba3 Rf3 38. Ne5 dxe5 39. Rc1 Rc7 40. Rdd1 Rc8 41. Rg1 Rg8 42. g3 Re3 43. Rge1 1-0

[Event "Foros UKR"]
[Site "?"]
[Date "2006.06.21"]
[Round "5"]
[White "Areshchenko Alexander"]
[Black "Ponomariov Ruslan"]
[Result "1/2-1/2"]
[WhiteElo "2660"]
[BlackElo "2738"]
[PlyCount "59"]
[EventDate "2006.??.??"]
[Source "www.chesslib.no"]
[SourceDate "2004.05.04"]

1. e4 c5 2. Nf3 Nc6 3. d4 cxd4 4. Nxd4 Nf6 5. Nc3 d6 6. Bc4 Bd7 7. Bb3 g6 8. f3 Nxd4 9. Qxd4 Bg7 10. Bg5 O-O 11. Qe3 b5 12. a4 bxa4 13. Nxa4 Be6 14. Bxe6 fxe6 15. O-O Qc7 16. b3 Rfc8 17. Rad1 Rab8 18. c4 Kf7 19. f4 Qb7 20. Bxf6 Bxf6 21. Rd3 Kg8 22. e5 dxe5 23. fxe5 Bg7 24. Qh3 Qe4 25. Nc3 Qxe5 26. Re3 Qd4 27. Qxe6+ Kh8 28. Nb5 Qc5 29. Qxe7 Rxb5 30. cxb5 1/2-1/2

[Event "Yerevan (ol)"]
[Site "?"]
[Date "1996.??.??"]
[Round "?"]
[White "de Firmian, N."]
[Black "Kramnik, Vladimir"]
[Result "1/2-1/2"]
[WhiteElo "2575"]
[BlackElo "2765"]
[PlyCount "99"]
[EventDate "1996.??.??"]
[Source "ChessBase"]
[SourceDate "1996.06.01"]

1. e4 c5 2. Nf3 Nc6 3. d4 cxd4 4. Nxd4 Nf6 5. Nc3 d6 6. Bc4 Qb6 7. Ndb5 a6 8. Be3 Qa5 9. Nd4 e6 10. O-O Be7 11. Bb3 O-O 12. f4 Bd7 13. f5 Nxd4 14. Bxd4 exf5 15. exf5 Bc6 16. Qd3 Rae8 17. Rad1 Bd8 18. Kh1 Nd7 19. Qg3 Bf6 20. Bd5 Qb4 21. Bxf6 Nxf6 22. Bxc6 bxc6 23. Rxd6 Nh5 24. Qd3 Qxb2 25. Rxc6 Nf6 26. Qxa6 Ng4 27. h3 Ne3 28. Nd1 Nxd1 29. Rxd1 Ra8 30. Qe2 Rxa2 31. f6 gxf6 32. Qf3 Ra1 33. c3 Rxd1+ 34. Qxd1 Qf2 35. Rc8 Rxc8 36. Qg4+ Kf8 37. Qxc8+ Ke7 38. Qc7+ Ke6 39. Kh2 Qe3 40. Qc6+ Ke7 41. Qc7+ Ke6 42. Qc6+ Ke7 43. Qf3 Qe5+ 44. g3 Kd6 45. Kg2 Kc5 46. Qd3 Qd5+ 47. Qxd5+ Kxd5 48. Kf3 Kc4 49. Ke4 Kxc3 50. Kf5 1/2-1/2

[Event "6th Dubai Open"]
[Site "Dubai"]
[Date "2004.04.27"]
[Round "9"]
[White "Nisipeanu, Liviu Dieter"]
[Black "Miroshnichenko, Evgenij"]
[Result "1/2-1/2"]
[WhiteElo "2692"]
[BlackElo "2599"]
[PlyCount "37"]
[EventDate "2004.04.19"]
[Source "Roberto Alvarez"]
[SourceDate "2004.05.03"]

1. e4 c5 2. Nf3 d6 3. d4 Nf6 4. Nc3 cxd4 5. Nxd4 Nc6 6. Bc4 Qb6 7. Nb3 e6 8. Bf4 Ne5 9. Be2 Bd7 10. O-O Be7 11. Be3 Qc7 12. f4 Nc4 13. Bd4 O-O 14. Bxc4 Qxc4 15. Bxf6 Bxf6 16. e5 Be7 17. exd6 Bf6 18. Nd2 Qd4+ 19. Kh1 1/2-1/2

[Event "Drammen"]
[Site "?"]
[Date "2004.??.??"]
[Round "?"]
[White "Macieja, B."]
[Black "Khalifman, A."]
[Result "1/2-1/2"]
[WhiteElo "2610"]
[BlackElo "2665"]
[PlyCount "52"]
[EventDate "2004.??.??"]
[Source "Chess Informant"]
[SourceDate "2004.10.01"]

1. e4 c5 2. Nc3 Nc6 3. Nf3 d6 4. d4 cxd4 5. Nxd4 Nf6 6. Bc4 Qb6 7. Ndb5 a6 8. Be3 Qa5 9. Nd4 e6 10. O-O Be7 11. Bb3 O-O 12. f4 Bd7 13. f5 Nxd4 14. Bxd4 exf5 15. exf5 Bc6 16. Qe1 Rae8 17. Qg3 Nh5 18. Qf2 Bf6 19. Bb6 Qb4 20. Nd5 Bxd5 21. Bxd5 Nf4 22. c3 Qb5 23. Qxf4 Qxb6+ 24. Qf2 Qb5 25. Bf3 Qxf5 26. Bxb7 Qb5 1/2-1/2

[Event "Keres mem"]
[Site "Tallinn/ Parnu"]
[Date "1998.06.26"]
[Round "6"]
[White "Ehlvest, Jaan"]
[Black "Khalifman, Alexander"]
[Result "1/2-1/2"]
[WhiteElo "2610"]
[BlackElo "2660"]
[PlyCount "33"]
[EventDate "1998.06.19"]
[Source "ChessBase"]
[SourceDate "1998.09.30"]

1. e4 c5 2. Nf3 d6 3. d4 cxd4 4. Nxd4 Nf6 5. Nc3 Nc6 6. Bc4 Bd7 7. Be3 g6 8. h3 Bg7 9. O-O O-O 10. Bb3 Rc8 11. f4 Qa5 12. Qf3 Qh5 13. Qxh5 Nxh5 14. Rad1 Nxd4 15. Bxd4 Bxd4+ 16. Rxd4 Bc6 17. Rd2 1/2-1/2

[Event "2. Open Fincas Mediterranea"]
[Site "?"]
[Date "2005.08.22"]
[Round "6"]
[White "Hamdouchi Hichem"]
[Black "Nisipeanu Liviu-Dieter"]
[Result "1/2-1/2"]
[WhiteElo "2567"]
[BlackElo "2679"]
[PlyCount "64"]
[EventDate "2005.??.??"]
[Source "www.chesslib.no"]
[SourceDate "2004.05.04"]

1. e4 c5 2. Nf3 d6 3. d4 cxd4 4. Nxd4 Nf6 5. Nc3 Nc6 6. Bc4 Bd7 7. Bb3 g6 8. Nxc6 Bxc6 9. Nd5 Bg7 10. O-O O-O 11. Nxf6+ Bxf6 12. Re1 a5 13. a4 e6 14. c3 Be5 15. Bc4 Qc7 16. g3 Kg7 17. Bb5 Rae8 18. Be3 f5 19. Bxc6 bxc6 20. Qd2 Kh8 21. exf5 exf5 22. Bh6 Bg7 23. Bxg7+ Kxg7 24. Qd4+ Re5 25. b4 c5 26. bxc5 Qxc5 27. Rxe5 Qxe5 28. Rb1 Qxd4 29. cxd4 Rc8 30. Rb5 Rc4 31. Rxa5 Rxd4 32. Ra7+ Kf6 1/2-1/2

[Event "TCh-GRE"]
[Site "Aghia Pelagia"]
[Date "2004.07.08"]
[Round "6"]
[White "Macieja, Bartlomiej"]
[Black "Kotronias, Vasilios"]
[Result "1/2-1/2"]
[WhiteElo "2633"]
[BlackElo "2608"]
[PlyCount "66"]
[EventDate "2004.07.04"]
[Source "Roberto Alvarez"]
[SourceDate "2004.07.12"]

1. e4 c5 2. Nf3 Nc6 3. d4 cxd4 4. Nxd4 Nf6 5. Nc3 d6 6. Bc4 Qb6 7. Ndb5 a6 8. Be3 Qa5 9. Nd4 Ne5 10. Nb3 Qc7 11. Bd3 e6 12. Qe2 b5 13. f4 Nc4 14. Bc1 Bb7 15. a4 b4 16. Nd1 Rc8 17. Nf2 Be7 18. O-O O-O 19. Nd4 Qc5 20. Nb3 Qc7 21. Nd4 Qc5 22. Nf3 Ng4 23. b3 Na3 24. Bb2 Qe3 25. Rae1 Qxe2 26. Rxe2 Nxf2 27. Kxf2 Bf6 28. e5 dxe5 29. Nxe5 Rfd8 30. Ra1 Be7 31. Bxa3 bxa3 32. Nc4 Rd4 33. g3 Bc5 1/2-1/2

[Event "Valle d'Aosta op 10th"]
[Site "Valle d'Aosta"]
[Date "2002.02.17"]
[Round "9"]
[White "Volokitin, Andrei"]
[Black "Malakhov, Vladimir"]
[Result "1/2-1/2"]
[WhiteElo "2586"]
[BlackElo "2647"]
[PlyCount "25"]
[EventDate "2002.02.09"]
[Source "ChessBase"]
[SourceDate "2002.03.14"]

1. e4 c5 2. Nf3 Nc6 3. d4 cxd4 4. Nxd4 Nf6 5. Nc3 d6 6. Bc4 Qb6 7. Nxc6 bxc6 8. O-O e6 9. Qe2 Be7 10. b3 O-O 11. Bb2 Nd7 12. Na4 Qc7 13. Bd3 1/2-1/2

[Event "Novosibirsk"]
[Site "Novosibirsk"]
[Date "1995.??.??"]
[Round "7"]
[White "Rublevsky, Sergei"]
[Black "Svidler, Peter"]
[Result "1/2-1/2"]
[WhiteElo "2595"]
[BlackElo "2635"]
[PlyCount "50"]
[EventDate "1995.10.??"]
[Source "ChessBase"]

1. e4 c5 2. Nf3 Nc6 3. d4 cxd4 4. Nxd4 Nf6 5. Nc3 d6 6. Bc4 Qb6 7. Nb3 e6 8. Bf4 Ne5 9. Be2 Bd7 10. O-O Be7 11. a4 O-O 12. a5 Qc7 13. Qd4 Bc6 14. a6 b6 15. Qe3 Ng6 16. Bg3 e5 17. Rad1 Rad8 18. f4 exf4 19. Bxf4 Nxf4 20. Qxf4 b5 21. Bxb5 Nxe4 22. Nd5 Bxd5 23. Rxd5 Qb6+ 24. Kh1 Nf6 25. Rf5 d5 1/2-1/2

[Event "JUG-chT"]
[Site "Tivat"]
[Date "1995.??.??"]
[Round "4"]
[White "Rublevsky, Sergei"]
[Black "Svidler, Peter"]
[Result "1-0"]
[WhiteElo "2595"]
[BlackElo "2635"]
[PlyCount "65"]
[EventDate "1995.??.??"]
[Source "ChessBase"]

1. e4 c5 2. Nf3 Nc6 3. d4 cxd4 4. Nxd4 Nf6 5. Nc3 d6 6. Bc4 Qb6 7. Nb3 e6 8. Bf4 Ne5 9. Be2 Be7 10. Be3 Qc7 11. f4 Nc4 12. Bxc4 Qxc4 13. Qf3 e5 14. f5 b5 15. Nd2 Qc6 16. Bg5 b4 17. Nd5 Nxd5 18. exd5 Qxc2 19. Bxe7 Kxe7 20. O-O f6 21. Qg4 g5 22. Rf2 Qc5 23. h4 h5 24. Qe2 gxh4 25. Ne4 Qb6 26. a3 b3 27. Qf3 Bd7 28. Rc1 h3 29. Qxh3 h4 30. Rc4 a5 31. Nxf6 Kxf6 32. Rxh4 Rhf8 33. Rh7 1-0

[Event "Europa ch 2008"]
[Site "Plovdiv BUL"]
[Date "2008.04.30"]
[Round "9.29"]
[White "Areshchenko, Alexander"]
[Black "Perunovic, Milos"]
[Result "1/2-1/2"]
[WhiteElo "2650"]
[BlackElo "2579"]
[PlyCount "209"]
[EventDate "2008.04.21"]
[Source "www.chesslib.no"]
[SourceDate "2004.05.04"]

1. e4 c5 2. Nf3 Nc6 3. d4 cxd4 4. Nxd4 Nf6 5. Nc3 d6 6. Bc4 Qb6 7. Nb3 e6 8. Bf4 Ne5 9. Be2 Bd7 10. Qd2 a6 11. O-O-O Qc7 12. Bg5 Be7 13. f4 Ng6 14. h4 h5 15. Bf3 O-O-O 16. g3 Kb8 17. Rhe1 Ne8 18. Bxe7 Nxe7 19. Re3 Nc6 20. Qe2 g6 21. Red3 Bc8 22. Kb1 Na5 23. Nxa5 Qxa5 24. e5 d5 25. Ne4 Rd7 26. Ng5 Ng7 27. Bg2 Rc7 28. Bh3 Rf8 29. Nf3 Bd7 30. Ra3 Qb6 31. Nd4 Rfc8 32. Qd2 Rc5 33. Qe3 Qc7 34. Rd2 Ra5 35. Rdd3 Bb5 36. Rdc3 Rxa3 37. Rxa3 Bf1 38. Rc3 Qxc3 39. bxc3 Bxh3 40. Nb3 Nf5 41. Qb6 Bf1 42. Kb2 Rc7 43. Qf2 Bc4 44. Nd2 Bb5 45. Kb3 Bc4+ 46. Kb2 Bb5 47. Nb3 Bc4 48. Nc5 b6 49. Nb3 Kb7 50. Qf3 Bb5 51. Kc1 Rc4 52. Nd2 Rc8 53. Kb2 Ka7 54. Qf2 Kb7 55. Nf3 Ba4 56. Qg1 Rc7 57. Qe1 Ka7 58. Qf2 Kb7 59. Ka3 Bb5 60. Kb3 Bc4+ 61. Kb2 Bb5 62. Nd4 Nxd4 63. cxd4 Ba4 64. c3 Bd1 65. f5 gxf5 66. Kc1 Bg4 67. Qb2 Bf3 68. Kd2 Bg4 69. Ke3 Bd1 70. Kf4 Bg4 71. Kg5 Bf3 72. Kf6 Bg4 73. Kg7 Bf3 74. Kf8 Bg4 75. Ke8 Bd1 76. Qa3 Be2 77. Qb3 Bb5+ 78. Kf8 Be2 79. Qc2 Bg4 80. Qd3 Ka7 81. a4 a5 82. Ke8 Kb7 83. Qb5 Bd1 84. Kd8 Bf3 85. Qb3 Rc8+ 86. Ke7 Rc7+ 87. Ke8 Be2 88. Qc2 Bf3 89. Qd3 Bg4 90. Qf1 Ka7 91. Qa1 Kb7 92. Kf8 Bf3 93. Kg7 Bg4 94. Kf6 Be2 95. Kg5 Bg4 96. Kf4 Ka7 97. Ke3 Kb7 98. Kd2 Bf3 99. Qf1 Bg4 100. Qb5 Rc6 101. Qb3 Rc4 102. Qa3 Rc7 103. Qf8 Bf3 104. Qe8 Ka7 105. Kc2 1/2-1/2

[Event "Moscow RUS"]
[Site "?"]
[Date "2004.02.18"]
[Round "2"]
[White "Ghaem Maghami Ehsan"]
[Black "Sasikiran Krishnan"]
[Result "1/2-1/2"]
[WhiteElo "2558"]
[BlackElo "2668"]
[PlyCount "36"]
[EventDate "2004.??.??"]
[Source "www.chesslib.no"]
[SourceDate "2004.05.04"]

1. e4 c5 2. Nc3 Nc6 3. Nf3 d6 4. d4 cxd4 5. Nxd4 Nf6 6. Bc4 Qb6 7. Nde2 e6 8. O-O Be7 9. a3 O-O 10. Ba2 Rd8 11. Be3 Qc7 12. h3 b6 13. f4 d5 14. e5 Ne4 15. Nb5 Qd7 16. Nbd4 Bc5 17. Rf3 Ba6 18. c3 Ne7 1/2-1/2

[Event "6. EICC"]
[Site "?"]
[Date "2005.06.23"]
[Round "6"]
[White "Palac Mladen"]
[Black "Jobava Baadur"]
[Result "1/2-1/2"]
[WhiteElo "2574"]
[BlackElo "2637"]
[PlyCount "98"]
[EventDate "2005.??.??"]
[Source "www.chesslib.no"]
[SourceDate "2004.05.04"]

1. e4 c5 2. Nf3 d6 3. d4 cxd4 4. Nxd4 Nf6 5. Nc3 Nc6 6. Bc4 Bd7 7. Be3 Ng4 8. Nxc6 bxc6 9. Bd2 g6 10. f4 Bg7 11. Qe2 O-O 12. Bb3 a5 13. h3 Nf6 14. O-O-O Qb8 15. e5 Nh5 16. Rhe1 Bh6 17. f5 Ng3 18. Qf2 Bxd2+ 19. Qxd2 d5 20. fxg6 hxg6 21. Qg5 Nf5 22. g4 Ng7 23. Qxe7 Ra7 24. Qh4 Be6 25. Qf2 Re8 26. Na4 Rae7 27. Qc5 Qc7 28. Qd6 Qxd6 29. exd6 Rd7 30. Nc5 Rxd6 31. Ne4 dxe4 32. Rxd6 f5 33. Rxc6 Bxb3 34. axb3 Ne6 35. Ra6 Kf7 36. Rxa5 Kf6 37. h4 Nd4 38. Ra6+ Ke5 39. Rxg6 Ra8 40. Kd2 Nf3+ 41. Ke2 Nxe1 42. Kxe1 f4 43. Ke2 e3 44. Kf3 Ra1 45. Rg5+ Kd6 46. Ke2 Rc1 47. Rf5 Rxc2+ 48. Ke1 Rc1+ 49. Ke2 Rc2+ 1/2-1/2

[Event "6. EICC"]
[Site "?"]
[Date "2005.06.29"]
[Round "11"]
[White "Azarov Sergei"]
[Black "Jobava Baadur"]
[Result "1-0"]
[WhiteElo "2572"]
[BlackElo "2637"]
[PlyCount "109"]
[EventDate "2005.??.??"]
[Source "www.chesslib.no"]
[SourceDate "2004.05.04"]

1. e4 c5 2. Nf3 d6 3. d4 Nf6 4. Nc3 cxd4 5. Nxd4 Nc6 6. Bc4 Bd7 7. Bb3 g6 8. f3 Nxd4 9. Qxd4 Bg7 10. Bg5 O-O 11. O-O-O h6 12. Bh4 Bc6 13. Qd2 a5 14. a4 Nd7 15. Bf2 Nc5 16. Bxc5 dxc5 17. Qxd8 Raxd8 18. Nd5 Rd7 19. Nb6 Rc7 20. c3 e6 21. Bc4 Re8 22. Kc2 Kf8 23. Bb5 c4 24. Ra1 f5 25. exf5 gxf5 26. Bxc4 e5 27. Rhd1 e4 28. Nd5 Rd7 29. Nf4 Bf6 30. Rxd7 Bxd7 31. Nd5 Bd8 32. f4 Re6 33. b3 Rg6 34. g3 h5 35. Rd1 h4 36. Ne3 Ke8 37. Bf7+ Kxf7 38. Rxd7+ Ke8 39. Rxb7 hxg3 40. hxg3 Rxg3 41. Nxf5 Rg6 42. c4 Rf6 43. Ng7+ Kf8 44. f5 Be7 45. Ne6+ Kf7 46. Ng5+ Ke8 47. Rb5 e3 48. Ne4 Rh6 49. Kd3 Bb4 50. Kxe3 Rh3+ 51. Kd4 Rxb3 52. Ke5 Kd8 53. f6 Kc7 54. f7 Rf3 55. Rxb4 1-0

[Event "Calvia (ol)"]
[Site "?"]
[Date "2004.??.??"]
[Round "?"]
[White "Macieja, B."]
[Black "Kotronias, V."]
[Result "1-0"]
[WhiteElo "2610"]
[BlackElo "2595"]
[PlyCount "53"]
[EventDate "2004.??.??"]
[Source "Chess Informant"]
[SourceDate "2004.10.01"]

1. e4 c5 2. Nc3 Nc6 3. Nf3 d6 4. d4 cxd4 5. Nxd4 Nf6 6. Bc4 Qb6 7. Ndb5 a6 8. Be3 Qa5 9. Nd4 Ne5 10. Nb3 Qc7 11. Bd3 e6 12. Qe2 b5 13. f4 Nc4 14. Bxc4 bxc4 15. Nd2 Bb7 16. O-O-O Rc8 17. Rhf1 Be7 18. g4 d5 19. Bd4 dxe4 20. g5 Nd5 21. Ndxe4 Nxf4 22. Qd2 e5 23. Bxe5 Qxe5 24. Qd7+ Kf8 25. Qxb7 Rb8 26. Qa7 g6 27. Qf2 1-0

[Event "Kilkenny"]
[Site "?"]
[Date "1999.??.??"]
[Round "?"]
[White "Lalic, B."]
[Black "Timman, J."]
[Result "1-0"]
[WhiteElo "2550"]
[BlackElo "2650"]
[PlyCount "83"]
[EventDate "1999.??.??"]
[Source "Chess Informant"]
[SourceDate "1999.10.01"]

1. e4 c5 2. Nf3 Nc6 3. d4 cxd4 4. Nxd4 Nf6 5. Nc3 d6 6. Bc4 Qb6 7. Nde2 e6 8. O-O Be7 9. a3 O-O 10. Ba2 Bd7 11. Ng3 Rac8 12. Kh1 Ne5 13. f4 Nc4 14. Qe2 Qa6 15. e5 Ne8 16. a4 Bh4 17. Nge4 d5 18. Rd1 Be7 19. Nd2 Bc6 20. Nxc4 dxc4 21. Rd4 Qb6 22. Rxc4 Nc7 23. Be3 Qa6 24. Qf2 Rcd8 25. Rd4 Rxd4 26. Bxd4 Bb4 27. Bb3 Bxc3 28. Bxc3 Bd5 29. Bxd5 Nxd5 30. Bd4 Rd8 31. b3 b6 32. h3 h6 33. a5 bxa5 34. Bxa7 Nxf4 35. Bb6 Rd5 36. Rf1 Ne2 37. c4 Rd7 38. Ra1 Rd2 39. Kh2 Rc2 40. Rxa5 Qc8 41. Ra7 Qe8 42. Qf3 1-0

[Event "Antwerp Open"]
[Site "Antwerp BEL"]
[Date "1994.??.??"]
[Round "4"]
[White "De Firmian, Nick E"]
[Black "Korchnoi, Viktor L"]
[Result "1/2-1/2"]
[WhiteElo "2580"]
[BlackElo "2615"]
[PlyCount "25"]
[EventDate "1994.08.??"]
[Source "www.chesslib.no"]
[SourceDate "2004.05.04"]

1. e4 c5 2. Nf3 d6 3. d4 cxd4 4. Nxd4 Nf6 5. Nc3 Nc6 6. Bc4 Bd7 7. O-O g6 8. Nxc6 Bxc6 9. Re1 Bg7 10. Bg5 O-O 11. Nd5 e6 12. Nxf6+ Bxf6 13. Bxf6 1/2-1/2

[Event "Cap d'Agde-B"]
[Site "Cap d'Agde"]
[Date "1998.10.27"]
[Round "6"]
[White "Ivanchuk, Vassily"]
[Black "Mohamed, Esam Ahmed Nagib"]
[Result "1-0"]
[WhiteElo "2730"]
[BlackElo "2455"]
[PlyCount "53"]
[EventDate "1998.10.??"]
[Source "www.chesslib.no"]
[SourceDate "2004.05.04"]

1. e4 c5 2. Nf3 d6 3. d4 cxd4 4. Nxd4 Nf6 5. Nc3 Nc6 6. Bc4 e5 7. Nf5 Be6 8. Bb3 Qd7 9. O-O Bxf5 10. exf5 Qxf5 11. f4 e4 12. Nd5 Nxd5 13. Bxd5 Ne7 14. Bxb7 Rb8 15. Ba6 Qc5+ 16. Kh1 d5 17. c4 dxc4 18. Qc2 f5 19. Bxc4 Nc6 20. Rd1 Nb4 21. Qa4+ Qc6 22. Qxa7 Qb7 23. Qa5 Be7 24. Qxf5 Bf6 25. Re1 Kf8 26. Rxe4 Nc2 27. Re6 1-0

[Event "Open"]
[Site "Geneve"]
[Date "2004.01.31"]
[Round "7"]
[White "Dvoirys, Semen I"]
[Black "Alekseev, Evgeny"]
[Result "0-1"]
[WhiteElo "2569"]
[BlackElo "2613"]
[PlyCount "114"]
[EventDate "2004.??.??"]
[Source "Roberto Alvarez"]
[SourceDate "2004.02.23"]

1. e4 c5 2. Nf3 Nc6 3. d4 cxd4 4. Nxd4 Nf6 5. Nc3 d6 6. Bc4 Qb6 7. Nde2 e6 8. O-O Be7 9. Bb3 O-O 10. Ng3 a6 11. Kh1 Qc7 12. f4 b5 13. f5 Kh8 14. Bg5 Na5 15. Nh5 Nxh5 16. Qxh5 Bxg5 17. Qxg5 f6 18. fxe6 Bxe6 19. Qd2 Nc4 20. Qd4 Rfe8 21. a4 b4 22. Ne2 Qc5 23. Rae1 Bg8 24. Rf5 Qxd4 25. Nxd4 Nxb2 26. Nc6 Bxb3 27. cxb3 Nd3 28. Re3 Rac8 29. Rxd3 Rxc6 30. h3 Rxe4 31. Rfd5 Kg8 32. Rxd6 Rxd6 33. Rxd6 a5 34. Ra6 Re5 35. Ra7 h5 36. h4 Kh7 37. g3 Kh6 38. Kg2 g5 39. hxg5+ Kxg5 40. Kf3 Rf5+ 41. Kg2 Rc5 42. Kh3 Rd5 43. Ra8 Kf5 44. Re8 Re5 45. Rf8 Rc5 46. Re8 Rd5 47. Re7 Re5 48. Rf7 Ke6 49. Ra7 Rd5 50. Kh4 Ke5 51. Ra6 f5 52. Kxh5 Ke4 53. Rc6 f4+ 54. Kg4 fxg3 55. Rc4+ Ke3 56. Kxg3 Rd3 57. Kg4 Rd4+ 0-1

[Event "Romania 87/184"]
[Site "?"]
[Date "2003.??.??"]
[Round "?"]
[White "Golubev, M."]
[Black "Motylev, A."]
[Result "0-1"]
[WhiteElo "2548"]
[BlackElo "2634"]
[PlyCount "56"]
[EventDate "2003.??.??"]
[Source "Chess Informant"]
[SourceDate "2003.02.01"]

1. e4 c5 2. Nf3 d6 3. d4 cxd4 4. Nxd4 Nf6 5. Nc3 Nc6 6. Bc4 Bd7 7. Bb3 g6 8. f3 Nxd4 9. Qxd4 Bg7 10. Bg5 O-O 11. O-O-O h6 12. Bh4 a5 13. e5 dxe5 14. Qxe5 Qe8 15. Rhe1 a4 16. Bc4 Qc8 17. Qd4 Bf5 18. Rxe7 g5 19. Bg3 Nd7 20. Qd5 Nb6 21. Qb5 Qxc4 22. Qxb6 a3 23. Rc7 axb2+ 24. Kb1 Qe6 25. Rd6 Qe8 26. Rd1 Rc8 27. Nd5 Qe2 28. Rd4 Rxc7 0-1

[Event "USA (ch)"]
[Site "?"]
[Date "1999.??.??"]
[Round "?"]
[White "Fedorowicz, J."]
[Black "Gulko, B."]
[Result "0-1"]
[WhiteElo "2565"]
[BlackElo "2615"]
[PlyCount "88"]
[EventDate "1999.??.??"]
[Source "Chess Informant"]
[SourceDate "1999.06.01"]

1. e4 c5 2. Nf3 Nc6 3. d4 cxd4 4. Nxd4 Nf6 5. Nc3 d6 6. Bc4 Qb6 7. Nb3 e6 8. Bg5 a6 9. Bxf6 gxf6 10. Be2 Bd7 11. O-O Be7 12. Kh1 h5 13. f4 h4 14. Qd2 Na5 15. Nxa5 Qxa5 16. Rab1 Rc8 17. Bf3 Qc5 18. h3 b5 19. Rfc1 f5 20. exf5 Qxf5 21. Bg4 Qg6 22. f5 exf5 23. Bf3 O-O 24. Nd5 Bg5 25. Qd3 Rfe8 26. Rf1 Re5 27. Nb6 Rd8 28. Nxd7 Rxd7 29. Bd5 Rde7 30. Rbd1 Be3 31. c4 b4 32. Bf3 Bc5 33. Qd2 Kg7 34. Qf4 Qg3 35. Qxg3+ hxg3 36. b3 Kg6 37. Rb1 Kg5 38. Rbc1 Re3 39. Rcd1 a5 40. Rb1 Rd3 41. Rb2 Ree3 42. Be2 Rd4 43. Bf3 Red3 44. Rfb1 Rd2 0-1

[Event "BL 0607 Bindl-Aktionär - SC Remagen"]
[Site "Germania"]
[Date "2007.02.25"]
[Round "11.3"]
[White "Degraeve, Jean-Marc"]
[Black "Baklan, Vladimir"]
[Result "1/2-1/2"]
[WhiteElo "2551"]
[BlackElo "2622"]
[PlyCount "37"]
[EventDate "2006.10.28"]
[Source "www.chesslib.no"]
[SourceDate "2004.05.04"]

1. e4 c5 2. Nf3 d6 3. d4 cxd4 4. Nxd4 Nf6 5. Nc3 Nc6 6. Bc4 Bd7 7. O-O g6 8. Nxc6 Bxc6 9. Re1 Bg7 10. Nd5 O-O 11. Bg5 e6 12. Nxf6+ Bxf6 13. Bxf6 Qxf6 14. c3 Rad8 15. Bb3 Qg5 16. Qd4 Qe5 17. Rad1 Qxd4 18. Rxd4 Bd7 19. Red1 1/2-1/2

[Event "Mind Sports Games - Rapid Team"]
[Site "Pechino CINA"]
[Date "2008.10.16"]
[Round "9"]
[White "Kravtsiv, M."]
[Black "Li Chao2"]
[Result "0-1"]
[WhiteElo "2549"]
[BlackElo "2622"]
[PlyCount "41"]
[EventDate "2008.10.14"]
[Source "www.chesslib.no"]
[SourceDate "2004.05.04"]

1. e4 c5 2. Nf3 d6 3. d4 cxd4 4. Nxd4 Nf6 5. Nc3 Bd7 6. Bc4 Nc6 7. Bb3 g6 8. f3 Nxd4 9. Qxd4 Bg7 10. Be3 O-O 11. Qd2 b5 12. a4 bxa4 13. Nxa4 Bc6 14. O-O a5 15. Bb6 Qd7 16. Bxa5 Bh6 17. Qc3 Ra6 18. Kh1 Qa7 19. e5 Nd7 20. e6 Bg7 21. Nb6 0-1

[Event "Munchen"]
[Site "?"]
[Date "1990.??.??"]
[Round "?"]
[White "Kindermann, S."]
[Black "Gulko, B."]
[Result "1/2-1/2"]
[WhiteElo "2560"]
[BlackElo "2610"]
[PlyCount "58"]
[EventDate "1990.??.??"]
[Source "ChessBase"]
[SourceDate "1990.01.01"]

1. e4 c5 2. Nf3 Nc6 3. d4 cxd4 4. Nxd4 Nf6 5. Nc3 d6 6. Bc4 Qb6 7. Ndb5 a6 8. Be3 Qa5 9. Nd4 e6 10. O-O Be7 11. Bb3 O-O 12. f4 Bd7 13. f5 Nxd4 14. Bxd4 exf5 15. exf5 Bc6 16. Qd3 Rae8 17. Rad1 Bd8 18. Kh1 Nd7 19. Qg3 Bf6 20. Qxd6 Bxd4 21. Qxd4 Nf6 22. Nd5 Bxd5 23. Bxd5 Rd8 24. c4 Qxa2 25. Qb6 Nxd5 26. cxd5 Rxd5 27. Qxb7 Rb5 28. Qe7 Rbb8 29. Qd6 Qxb2 1/2-1/2

[Event "Najdorf"]
[Site "Buenos Aires"]
[Date "1997.??.??"]
[Round "8"]
[White "Morovic Fernandez, Ivan"]
[Black "Kotronias, Vasilios"]
[Result "1/2-1/2"]
[WhiteElo "2580"]
[BlackElo "2590"]
[PlyCount "105"]
[EventDate "1997.05.19"]
[Source "ChessBase"]
[SourceDate "1997.10.13"]

1. e4 c5 2. Nf3 Nc6 3. d4 cxd4 4. Nxd4 Nf6 5. Nc3 d6 6. Bc4 Qb6 7. Nxc6 bxc6 8. O-O g6 9. e5 dxe5 10. Qe2 Qc7 11. f4 e4 12. Nxe4 Nxe4 13. Qxe4 Bg7 14. c3 O-O 15. Be3 Bf5 16. Qf3 Rad8 17. Rad1 h5 18. Qf2 Bg4 19. Rxd8 Rxd8 20. Bxa7 c5 21. Bxc5 Rd2 22. Qe3 Rxb2 23. Qxe7 Qxe7 24. Bxe7 Bxc3 25. Bc5 h4 26. h3 Bf5 27. Rd1 Ba5 28. Bf2 Bb6 29. Bxb6 Rxb6 30. a4 Rb4 31. Bb5 Rxf4 32. Ra1 Rb4 33. Bc6 Bd3 34. Bf3 Ba6 35. Kf2 Kg7 36. Ke3 f5 37. Kd2 g5 38. Kc3 Rf4 39. Kb3 g4 40. hxg4 fxg4 41. Bc6 Rf6 42. Rc1 g3 43. Be4 Rf4 44. Rc7+ Kf8 45. Bd5 Be2 46. Rc1 Rd4 47. Bc6 Ke7 48. Re1 Kd6 49. Rxe2 Kxc6 50. a5 Rd1 51. Re6+ Kb7 52. Rg6 Rg1 53. Rg4 1/2-1/2

[Event "Greece 72/202"]
[Site "?"]
[Date "1998.??.??"]
[Round "?"]
[White "Atalik, Suat"]
[Black "Kotronias, Vasilios"]
[Result "1-0"]
[WhiteElo "2595"]
[BlackElo "2570"]
[PlyCount "111"]
[EventDate "1998.??.??"]
[Source "ChessBase"]
[SourceDate "1998.02.01"]

1. e4 c5 2. Nf3 Nc6 3. d4 cxd4 4. Nxd4 Nf6 5. Nc3 d6 6. Bc4 Qb6 7. Ndb5 a6 8. Be3 Qa5 9. Nd4 Ng4 10. Nxc6 bxc6 11. Bd2 g6 12. Be2 Ne5 13. Nd5 Qd8 14. Ne3 Bg7 15. Bc3 O-O 16. f4 Qb6 17. Qd2 Nd7 18. Nc4 Bxc3 19. Qxc3 Qc7 20. O-O-O d5 21. exd5 cxd5 22. Rxd5 Qxf4+ 23. Qe3 Qxe3+ 24. Nxe3 Nf6 25. Ra5 Bb7 26. Rd1 Rfc8 27. Rd4 Rc6 28. Rb4 Re6 29. Rxb7 Rxe3 30. Bf3 Rd8 31. b4 Rc8 32. Rxa6 Rec3 33. Rxe7 Rxc2+ 34. Kb1 R2c4 35. a3 Rc1+ 36. Kb2 R8c2+ 37. Kb3 Rc3+ 38. Ka4 Rxa3+ 39. Kxa3 Ra1+ 40. Kb3 Rxa6 41. b5 Ra1 42. Kb2 Ra4 43. Bc6 Kf8 44. Re1 Rc4 45. Kb3 Rc5 46. Kb4 Rc2 47. Ka5 Ra2+ 48. Kb6 Rd2 49. Kb7 Nd7 50. Bxd7 Rxd7+ 51. Kc6 Rd2 52. Re5 f6 53. Rd5 Rc2+ 54. Rc5 Rb2 55. b6 Ke7 56. b7 1-0